MARC details
| 000 -CABECERA |
| campo de control de longitud fija |
03827nam a2200421 a 4500 |
| 001 - NÚMERO DE CONTROL |
| campo de control |
dia_4794 |
| 003 - IDENTIFICADOR DEL NÚMERO DE CONTROL |
| campo de control |
CHAP |
| 005 - FECHA Y HORA DE LA ÚLTIMA TRANSACCIÓN |
| campo de control |
20250708184646.0 |
| 007 - CAMPO FIJO DE DESCRIPCIÓN FÍSICA--INFORMACIÓN GENERAL |
| campo de control de longitud fija |
ta |
| 008 - DATOS DE LONGITUD FIJA--INFORMACIÓN GENERAL |
| campo de control de longitud fija |
220117s2012 mx ado frm 001 0 spa d |
| 010 ## - NÚMERO DE CONTROL DE LA BIBLIOTECA DEL CONGRESO |
| Número de control de LC |
175553 |
| 040 ## - FUENTE DE LA CATALOGACIÓN |
| Centro catalogador/agencia de origen |
mxchpua |
| Centro/agencia transcriptor |
CHAP |
| 041 0# - CÓDIGO DE LENGUA |
| Código de lengua del texto/banda sonora o título independiente |
spa |
| Código de lengua del sumario o resumen |
eng |
| 090 ## - LOCALMENTE ASIGNADO TIPO-LC NÚMERO DE CLASIFICACIÓN (OCLC); NÚMERO DE CLASIFICACIÓN LOCAL (RLIN) |
| Número de clasificación (OCLC) (R) ; Numero de clasificación, CALL (RLIN) (NR) |
Tesis |
| Número cutter local (OCLC) ; Número de libro/Signatura topográfica íntegra, CALL (RLIN) |
R49 |
| año |
2012 |
| 100 1# - ENTRADA PRINCIPAL--NOMBRE DE PERSONA |
| Nombre de persona |
Reyes Fuentes, Jéssica |
| 245 10 - MENCIÓN DE TÍTULO |
| Título |
Propiedades viscoelásticas y estructurales de bebidas lácteas fermentadas estabilizadas con pectina de tejocote (Crataegus spp.) / |
| Mención de responsabilidad, etc. |
Jéssica Reyes Fuentes |
| 264 ## - PRODUCCIÓN, PUBLICACIÓN, DISTRIBUCIÓN, FABRICACIÓN Y COPYRIGHT |
| Producción, publicación, distribución, fabricación y copyright |
Chapingo, México : |
| Nombre del de productor, editor, distribuidor, fabricante |
El autor, |
| Fecha de producción, publicación, distribución, fabricación o copyright |
2012 |
| 300 ## - DESCRIPCIÓN FÍSICA |
| Extensión |
71 hojas : |
| Otras características físicas |
ilustraciones, tablas, gráficas, fotos + |
| Material acompañante/anejo |
1 CD-ROM |
| 336 ## - TIPO DE CONTENIDO |
| Fuente |
rdacontent |
| Término de tipo de contenido |
texto |
| Código de tipo de contenido |
txt |
| 337 ## - TIPO DE MEDIO |
| Fuente |
rdamedia |
| Nombre/término del tipo de medio |
no mediado |
| Código del tipo de medio |
n |
| 338 ## - TIPO DE SOPORTE |
| Fuente |
rdacarrier |
| Nombre/término del tipo de soporte |
volumen |
| Código del tipo de soporte |
nc |
| 502 ## - NOTA DE TESIS |
| Nota de tesis |
Tesis |
| Tipo de título |
(Ingeniero Agroindustrial) -- |
| Nombre de la institución que otorga el título |
UACh. Departamento de Ingeniería Agroindustrial, |
| Año de obtención del título |
2012 |
| 504 ## - NOTA DE BIBLIOGRAFÍA, ETC. |
| Nota de bibliografía, etc. |
Bibliografía: hojas 61-71 |
| 520 3# - SUMARIO, ETC. |
| Sumario, etc. |
Se evaluaron los efectos de la adición de pectina de tejocote (Crataegus spp.) de tres diferentes accesiones (ACC) (50, 63 y 72), comparados con pectina cítrica comercial y carboximetilcelulosa (CMC), sobre bebidas lácteas fermentadas (BLFs) reducidas en grasa láctea (GL) (1.3%) comparadas con un control (2.6%). Las pectinas se adicionaron en concentraciones de 0.1, 0.3 y 0.5%, mientras que la CMC se añadió en 0.2, 0.4 y 0.6%. Las muestras fueron sometidas a pruebas de sinéresis y de estabilidad, así Como a pruebas reológicas y análisis sensorial. La pectina ACC 50 (0.3 y 0.5%) proporcionó estabilidades superiores las exhibidas por las BLFs control, mientras que la con ACC 50 (0.1%) presentó una aceptabilidad sensorial mayor. Por su parte, los tratamientos con pectina ACC 72 (0.5%) tuvieron una viscosidad significativamente alta y un comportamiento viscoelástico sólido superior; sin embargo, su aceptabilidad sensorial no fue exitosa. La CMC incrementa notablemente la viscosidad, sin embargo, no tiene un efecto positivo en la estabilidad de las BLFs, al igual que las muestras con adición de pectina cítrica comercial, las cuales presentaron una buena recuperación estructural pero baja resistencia a esfuerzos cortantes. -- |
| 520 3# - SUMARIO, ETC. |
| Sumario, etc. |
The effects of adding pectin of tejocote (Crataegus spp.) were evaluated from three different accessions (50, 63 and 72), compared with commercial citrus pectin and carboxymethylcellulose (CMC) on fermented milk drinks (BLFs) reduced-fat (1.3%) compared with full-fat control (2.6%). The pectins were added at concentrations of 0.1, 0.3 and 0.5%. The CMC was added in 0.2, 0.4 and0.6%. The samples were tested for syneresis and stability, as well as rheological and sensory analysis tests. Pectin aCcession 50 (0.3 and 0.5%) provided stable than those exhibited by the BLFS control, while accession 50 (0.1%) had a higher sensory acceptability. Meanwhile, treatment with pectin accession 72 (0.5%) had a significantly higher viscosity and higher solid viscoelastic behavior, however sensory acceptability viscosity significantly, was howeve not it has successful. a positive The CMC increased the effect on the stability of the beverage, as well as samples with the addition of commercial citrus pectin, which showed good structural recovery but low resistance to shear. |
| 650 13 - PUNTO DE ACCESO ADICIONAL DE MATERIA--TÉRMINO DE MATERIA |
| Término de materia o nombre geográfico como elemento de entrada |
Pectinas |
| Fuente del encabezamiento o término |
atg |
| 650 13 - PUNTO DE ACCESO ADICIONAL DE MATERIA--TÉRMINO DE MATERIA |
| Término de materia o nombre geográfico como elemento de entrada |
Productos lácteos |
| Fuente del encabezamiento o término |
atg |
| 650 13 - PUNTO DE ACCESO ADICIONAL DE MATERIA--TÉRMINO DE MATERIA |
| Término de materia o nombre geográfico como elemento de entrada |
Pectins |
| Fuente del encabezamiento o término |
atg |
| 650 13 - PUNTO DE ACCESO ADICIONAL DE MATERIA--TÉRMINO DE MATERIA |
| Término de materia o nombre geográfico como elemento de entrada |
Dairy products |
| Fuente del encabezamiento o término |
atg |
| 700 1# - PUNTO DE ACCESO ADICIONAL--NOMBRE DE PERSONA |
| Nombre de persona |
Aguirre Mandujano, Eleazar |
| Término indicativo de función/relación |
director |
| 700 1# - PUNTO DE ACCESO ADICIONAL--NOMBRE DE PERSONA |
| Nombre de persona |
Pérez Alonso, César |
| Término indicativo de función/relación |
asesor |
| 700 1# - PUNTO DE ACCESO ADICIONAL--NOMBRE DE PERSONA |
| Nombre de persona |
Nieto Ángel, Raúl |
| Término indicativo de función/relación |
asesor |
| 856 41 - LOCALIZACIÓN Y ACCESO ELECTRÓNICOS |
| Identificador Uniforme del Recurso |
<a href="http://10.13.5.2/tesis/115501.pdf">http://10.13.5.2/tesis/115501.pdf</a> |
| Texto de enlace |
DESCARGAR PDF |
| 901 ## - ELEMENTOS DE DATOS A LOCAL LDA (RLIN) |
| a |
Tesis R49 2012 |
| 942 ## - ELEMENTOS DE PUNTO DE ACCESO ADICIONAL (KOHA) |
| Tipo de ítem Koha |
TESIS |
| Fuente del sistema de clasificación o colocación |
Clasificación Universidad Autónoma Chapingo |
| 902 ## - ELEMENTOS DE DATOS B LOCAL, LDB (RLIN) |
| a |
M |
| 905 ## - ELEMENTOS DE DATOS E LOCAL, LDE (RLIN) |
| a |
5232272012 mx bmnl8222223322spa16 |